000 00529nam a22001817a 4500
999 _c480935
_d480935
003 NUST
005 20180828071448.0
008 180828b ||||| |||| 00| 0 eng d
038 _a0
050 _a621.380283
082 _a621.380283
100 _aThe Institute of Chartered Accountants of Pakistan.
_910307
245 _aICAP.A Journey Through Time.
_cThe Institute of Chartered Accountants of Pakistan.
260 _aPakistan.
_bCA.
_c1961-2011
300 _a248p.
500 _aHard Cover.
942 _2ddc
_cBK
_k621.380283